Memoria 1970 / (Record no. 108219)
[ view plain ]
| 000 -LEADER | |
|---|---|
| campo de control de longitud fija | 00505nam a2200157 4500 |
| 001 - NÚMERO DE CONTROL | |
| campo de control | 108219 |
| 003 - IDENTIFICADOR DE NÚMERO DE CONTROL | |
| campo de control | ES-MaACL |
| 005 - FECHA Y HORA DE LA ÚLTIMA TRANSACCIÓN | |
| campo de control | 20230906184614.0 |
| 007 - CAMPO FIJO DE DESCRIPCIÓN FÍSICA--INFORMACIÓN GENERAL | |
| campo de control de longitud fija | t| |
| 008 - DATOS DE LONGITUD FIJA--INFORMACIÓN GENERAL | |
| campo de control de longitud fija | 061121s1971 sp r ||||1| spa d |
| 110 2# - ENTRADA PRINCIPAL--NOMBRE DE ENTIDAD CORPORATIVA | |
| Nombre de entidad corporativa o nombre de jurisdicción como elemento de entrada | Monte de Piedad y Caja de Ahorros de Córdoba. |
| 9 (RLIN) | 5763 |
| 245 10 - MENCIÓN DEL TÍTULO | |
| Título | Memoria 1970 / |
| Mención de responsabilidad, etc. | Monte de Piedad y Caja de Ahorros de Córdoba. |
| 260 ## - PUBLICACIÓN, DISTRIBUCIÓN, ETC. | |
| Lugar de publicación, distribución, etc. | Usurbil (Guipúzcoa) : |
| Nombre del editor, distribuidor, etc. | [s.n, |
| Fecha de publicación, distribución, etc. | 1971] ( |
| Fabricante | Santiago Valverde) |
| 300 ## - DESCRIPCIÓN FÍSICA | |
| Extensión | 40 h . : |
| Otras características físicas | il ; |
| Dimensiones | 25 cm. |
| 852 ## - LOCALIZACIÓN | |
| Ubicación | ES-MaACL |
| Número de control de estantería | C-44116 |
| Sublocalización o colección | R.79333 |
| Estatus retirado | Estado de pérdida | Estado de daño | No para préstamo | Biblioteca de origen | Biblioteca actual | Ubicación en estantería | Fecha de adquisición | Fuente de adquisición | Total de préstamos | Signatura topográfica completa | Código de barras | Visto por última vez | Precio de reemplazo | Tipo de ítem Koha |
|---|---|---|---|---|---|---|---|---|---|---|---|---|---|---|
| Biblioteca del Ateneo de Madrid | Biblioteca del Ateneo de Madrid | Depósito 2 | 17/01/2008 | C-44116 | 1112925 | 23/02/2023 | 23/02/2023 | Libro impreso |
